Diez años de reformas tributarias en Colombia / (Registro nro. 5670)

Detalles MARC
000 -LEADER
fixed length control field 01016nam a2200241Ia 4500
003 - CONTROL NUMBER IDENTIFIER
control field OSt
005 - DATE AND TIME OF LATEST TRANSACTION
control field 20200702170549.0
008 - FIXED-LENGTH DATA ELEMENTS--GENERAL INFORMATION
fixed length control field 191128s1986 ck ad fr 000 0 spa d
040 ## - CATALOGING SOURCE
Original cataloging agency CO-JMR
Transcribing agency CO-JMR
041 0# - LANGUAGE CODE
Language code of text/sound track or separate title spa
082 04 - DEWEY DECIMAL CLASSIFICATION NUMBER
Classification number 336.205 /
Item number P462d
Edition number 23
100 1# - MAIN ENTRY--PERSONAL NAME
Personal name Perry Rubio, Guillermo Eduardo,
Relator term autor
9 (RLIN) 6533
245 10 - TITLE STATEMENT
Title Diez años de reformas tributarias en Colombia /
Statement of responsibility, etc. Guillermo Perry R. y Mauricio Cárdenas S.
250 ## - EDITION STATEMENT
Edition statement 1a. edición
260 ## - PUBLICATION, DISTRIBUTION, ETC.
Place of publication, distribution, etc. Bogotá :
Name of publisher, distributor, etc. Universidad Nacional de Colombia,
Date of publication, distribution, etc. 1986
300 ## - PHYSICAL DESCRIPTION
Extent 301 páginas :
Other physical details gráficos a blanco y negro ;
Dimensions 23 cm.
504 ## - BIBLIOGRAPHY, ETC. NOTE
Bibliography, etc. note Bibliografía: páginas 295-301
505 0# - FORMATTED CONTENTS NOTE
Formatted contents note La evolución del sistema tributario -- Macroeconomía y reformas -- La microeconomía de las reformas -- La microeconomía de las reformas -- Temas especiales
650 14 - SUBJECT ADDED ENTRY--TOPICAL TERM
Topical term or geographic name entry element Reforma tributaria
Chronological subdivision 1974-1984
Geographic subdivision Colombia
9 (RLIN) 6534
650 14 - SUBJECT ADDED ENTRY--TOPICAL TERM
Topical term or geographic name entry element Derecho tributario
General subdivision reformas
Chronological subdivision 1974-1984
Geographic subdivision Colombia
9 (RLIN) 6535
700 1# - ADDED ENTRY--PERSONAL NAME
Personal name Cárdenas S., Mauricio,
Relator term autor
9 (RLIN) 6536
942 ## - ADDED ENTRY ELEMENTS (KOHA)
Source of classification or shelving scheme Dewey Decimal Classification
Koha item type Books
Existencias
Withdrawn status Lost status Source of classification or shelving scheme Damaged status Not for loan Collection code Home library Current library Date acquired Source of acquisition Cost, normal purchase price Total Checkouts Full call number Barcode Date last seen Copy number Koha item type Public note
    Dewey Decimal Classification     Non-fiction Biblioteca Pública José María del Castillo y Rada Biblioteca Pública José María del Castillo y Rada 04/15/2018 Donación 0.00   336.205 / P462d 430003402 05/16/2024 Ej.1 Books Exlibris: páginas subrayadas con esfero.